000 00514nam a22001937a 4500
003 koha_MIRAKIL
005 20231213095954.0
008 231213b |||||||| |||| 00| 0 ||| d
020 _b978-6-05-449455-2
040 _aTR-IsEVY
_btur
_cTR-IsEVY
082 _a910 DOĞ/Ç
100 _aDoğan, Mesut.
245 0 _aÇin kadar uzak can kadar yakın şehirler
260 _bOkur Kitaplığı,
_c2012
300 _a268 s.
650 _aGezi, Edebiyatta.
650 _aTravel in literature.
942 _2ddc
_cBK
999 _c12437
_d12437